| 000 | 00482nam a2200217Ia 4500 | ||
|---|---|---|---|
| 003 | OSt | ||
| 005 | 20220912144002.0 | ||
| 006 | a|||||r|||| 00| 0 | ||
| 007 | ta | ||
| 008 | 220909b |||||||| |||| 00| 0 eng d | ||
| 024 | _a199598 | ||
| 037 | _cTextual | ||
| 040 | _beng | ||
| 041 | _aeng | ||
| 082 | _aB271, k7 | ||
| 100 | _afeit w | ||
| 245 | 0 | _aMathematics lecture notes | |
| 300 |
_ap. _ccm |
||
| 942 |
_hB271, k7 _cTEXL _2CC |
||
| 999 |
_c107 _d107 |
||